Being the best [ when the self-help myths leave you empty and hungry for the truth you need

Bibliographic Details
Main Author: Waitley, Denis
Format: Book
Published: Illinois : Nightingale-Conant , 19_
Subjects:

MARC

LEADER 00000cam a2200000 7i4500
001 0000000004
002 000000009
005 20120627.0
090 0 0 |a 158   |b WAI 
100 1 |a Waitley, Denis 
245 1 0 |a Being the best [  |h sound recording] :   |b when the self-help myths leave you empty and hungry for the truth you need   |c Denis Waitley 
260 |a Illinois :   |b Nightingale-Conant ,   |c 19_ 
300 |a 1 sound cassette(60 minutes) 
650 0 0 |a Success 
999 |a KT0024   |b KASET   |c RUJUKAN   |e PERPUSTAKAAN KOMUNITI PETALING JAYA